Statistics for Twitch Streamers (English speaking)

Click here to take the quiz!

General Stats

  • This quiz has been taken 179 times
  • The average score is 3 of 15

Answer Stats

Real nametwitch.tv channel name% Correct
Chance Morrissodapoppin
86%
Sebastian Forsforsenlol
57%
Byron Bernsteinreckful
53%
Guy Beahmdrdisrespectlive
40%
Jaryd Lazarsummit1g
28%
Saqib Zahidlirik
21%
Octavian Morosannl_kripp
8%
Rumay Wangitshafu
5%
Kristen Valnicekkittyplays
5%
Janne Mikkonensavjz
5%
Andrew Bodinegiantwaffle
4%
Jaehyung Parkchu8
1%
Brooke Leigh Lawsondexbonus
1%
Aubrie Healyinspectoraubriellama
1%
Thomas Bengtssonkungentv
1%

Score Distribution

Percentile by Number Answered

Percent of People with Each Score

Your Score History

You have not taken this quiz